[Event "Titled Tuesday intern op 12th Mar Late"]
[Site "Chess.com INT"]
[Date "2024.03.12"]
[Round "2"]
[White "Zhigalko, Sergei"]
[Black "Nakahara, Kan"]
[Result "1-0"]
[WhiteElo "2572"]
[BlackElo "2072"]
[PlyCount "61"]
[EventDate "2024.03.12"]
[EventType "swiss (blitz)"]
[EventRounds "11"]
[EventCountry "USA"]
[SourceTitle "CB12_2024"]
[SourceDate "2023.10.01"]
[SourceVersion "1"]
[SourceVersionDate "2023.10.01"]
[SourceQuality "1"]

1. e4 e6 2. d4 d5 3. e5 c5 4. c3 Qb6 5. Nf3 Nc6 6. Bd3 Bd7 7. dxc5 Bxc5 8. 0-0 Nh6 9. b4 Be7 10. Re1 Rd8 11. Qe2 Nf5 12. Nbd2 0-0 13. Nb3 Qc7 14. Bf4 b6 15. Rad1 a5 16. b5 Na7 17. g4 Nh4 18. Nxh4 Bxh4 19. g5 f5 20. gxf6 Bxf6 21. Nd4 Be7 22. Qh5 Rxf4 23. Qxh7+ Kf8 24. Re3 Bg5 25. Qh8+ Kf7 26. Qh5+ Kf8 27. Qxg5 Rf7 28. Rh3 Kg8 29. Bh7+ Kf8 30. Bg6 Kg8 31. Qh5 1-0

[Event "Online Olym Div3 A"]
[Site "Chess.com INT"]
[Date "2021.08.28"]
[Round "6.2"]
[White "Petrov, Maksim"]
[Black "Nakahara, Kan"]
[Result "0-1"]
[WhiteElo "1568"]
[BlackElo "2095"]
[PlyCount "88"]
[EventDate "2021.08.27"]
[EventType "team-tourn (rapid)"]
[EventRounds "9"]
[EventCountry "USA"]
[SourceTitle "CBM 204 Extra"]
[Source "ChessBase"]
[SourceDate "2021.11.30"]
[SourceVersion "1"]
[SourceVersionDate "2021.11.30"]
[SourceQuality "1"]
[WhiteTeam "IPCA"]
[BlackTeam "Japan"]
[BlackTeamCountry "JPN"]

1. d4 Nf6 2. c4 e6 3. Nc3 d5 4. cxd5 exd5 5. Bg5 Be7 6. e3 0-0 7. Bd3 c6 8. Nge2 Re8 9. 0-0 h6 10. Bh4 Nbd7 11. f3 c5 12. Bf2 a6 13. Ng3 b5 14. Qd2 Bb7 15. Rad1 Rc8 16. Nf5 Bf8 17. Rfe1 g6 18. Nh4 Bg7 19. Bb1 Qc7 20. Qd3 c4 21. Qc2 b4 22. Ne2 Re6 23. Ng3 Rce8 24. Nxg6 fxg6 25. Qxg6 Ne4 26. Qf5 Nxf2 27. Qh7+ Kf8 28. Nh5 Nf6 29. Nxf6 Rxf6 30. Kxf2 Qxh2 31. Rh1 Qd6 32. Rh3 Qe6 33. Rg3 Qxe3+ 34. Kf1 Qe2+ 35. Kg1 Qxd1+ 36. Kh2 Re7 37. Rxg7 Rxg7 38. Qh8+ Kf7 39. Qb8 Qxb1 40. Qxb7+ Kg6 41. Qxd5 c3 42. bxc3 bxc3 43. Kg3 c2 44. Qe4+ Kf7+ 0-1

[Event "Asia Nations online Cup"]
[Site "Chess.com INT"]
[Date "2020.10.16"]
[Round "4.8"]
[White "Fahmi, Amjad"]
[Black "Nakahara, Kan"]
[Result "1-0"]
[WhiteElo "2000"]
[BlackElo "2095"]
[PlyCount "101"]
[EventDate "2020.10.10"]
[EventType "team-swiss (rapid)"]
[EventRounds "9"]
[EventCountry "IND"]
[SourceTitle "CBM 198 Extra"]
[Source "ChessBase"]
[SourceDate "2020.11.30"]
[SourceVersion "1"]
[SourceVersionDate "2020.11.30"]
[SourceQuality "1"]
[WhiteTeam "Yemen"]
[BlackTeam "Japan"]
[WhiteTeamCountry "YEM"]
[BlackTeamCountry "JPN"]

1. e4 e6 2. d4 d5 3. Nc3 Nf6 4. Bg5 dxe4 5. Nxe4 Be7 6. Nxf6+ gxf6 7. Be3 b6 8. Nf3 Bb7 9. Bd3 c6 10. Qe2 Qc7 11. 0-0-0 Nd7 12. Rhe1 0-0-0 13. Ba6 Bxa6 14. Qxa6+ Kb8 15. g3 Bd6 16. Kb1 Nf8 17. c4 Qb7 18. Qa4 Ng6 19. Nd2 f5 20. c5 b5 21. Qb4 Bc7 22. Nb3 Rd5 23. Bg5 h6 24. Bf6 Re8 25. h4 f4 26. g4 h5 27. gxh5 Rxh5 28. Na5 Qa6 29. Nc4 Rd8 30. Bxd8 Bxd8 31. Ne5 Ne7 32. Nxf7 Nd5 33. Qb3 Bxh4 34. Rxe6 Rh7 35. Re8+ Kc7 36. Nd6 Be7 37. Qc2 Rh2 38. Rc8+ Qxc8 39. Nxc8 Kxc8 40. Qf5+ Kc7 41. Re1 Rxf2 42. Qf7 Kd7 43. Qe6+ Kc7 44. Rg1 Rf3 45. Rg8 Rf1+ 46. Kc2 Rf2+ 47. Kd1 Bd8 48. Rg7+ Kb8 49. Qxc6 Ne3+ 50. Ke1 Rxb2 51. Qb7# 1-0

[Event "Online Olym Div3 A"]
[Site "Chess.com INT"]
[Date "2020.08.07"]
[Round "1.2"]
[White "Kanyamarala, Tarun"]
[Black "Nakahara, Kan"]
[Result "1-0"]
[WhiteElo "2381"]
[BlackElo "2095"]
[PlyCount "61"]
[EventDate "2020.08.07"]
[EventType "team-tourn (rapid)"]
[EventRounds "9"]
[EventCountry "USA"]
[SourceTitle "CBM 198"]
[Source "ChessBase"]
[SourceDate "2020.10.31"]
[SourceVersion "1"]
[SourceVersionDate "2020.10.31"]
[SourceQuality "1"]
[WhiteTeam "Ireland"]
[BlackTeam "Japan"]
[WhiteTeamCountry "IRL"]
[BlackTeamCountry "JPN"]

1. Nf3 Nf6 2. g3 d5 3. c4 e6 4. Bg2 Be7 5. 0-0 0-0 6. b3 b6 7. Bb2 Bb7 8. e3 Nbd7 9. Nc3 Rc8 10. Ne1 c6 11. f4 Ba6 12. Qe2 Nc5 13. d3 d4 14. exd4 Qxd4+ 15. Kh1 Qd7 16. d4 Nb7 17. Nd3 c5 18. Ne5 Qc7 19. d5 exd5 20. Nxd5 Nxd5 21. Bxd5 Bf6 22. g4 Nd8 23. g5 Be7 24. g6 Bb7 25. gxh7+ Kxh7 26. Qh5+ Kg8 27. Rg1 Bxd5+ 28. cxd5 Bf6 29. Qh6 Qd6 30. Rxg7+ Bxg7 31. Qxd6 1-0

[Event "Paracin Summer op-A 12th"]
[Site "Paracin"]
[Date "2019.07.10"]
[Round "7"]
[White "Kecskemeti, Arpad"]
[Black "Nakahara, Kan"]
[Result "1-0"]
[WhiteElo "2230"]
[BlackElo "1958"]
[PlyCount "139"]
[EventDate "2019.07.05"]
[EventType "swiss"]
[EventRounds "9"]
[EventCountry "SRB"]
[SourceTitle "EXT 2020"]
[Source "ChessBase"]
[SourceDate "2019.10.17"]
[SourceVersion "1"]
[SourceVersionDate "2019.10.17"]
[SourceQuality "1"]

1. e4 e6 2. d4 d5 3. Nc3 Nf6 4. Bg5 dxe4 5. Nxe4 Be7 6. Bxf6 gxf6 7. Nf3 b6 8. Bb5+ c6 9. Bd3 Bb7 10. Qd2 Qc7 11. Qh6 Nd7 12. Qg7 Rf8 13. Qxh7 0-0-0 14. Ned2 f5 15. Qh6 Rg8 16. Rg1 c5 17. 0-0-0 cxd4 18. Qh5 Nc5 19. Kb1 Bf6 20. Ne1 Rh8 21. Qe2 Qxh2 22. Nef3 Qc7 23. Nb3 Nxd3 24. Qxd3 Kb8 25. Nfd2 Rh2 26. f3 Rhh8 27. a4 Qc8 28. Qe2 Ba6 29. Qf2 Qc7 30. g4 d3 31. c3 Rh2 32. Rg2 Rdh8 33. gxf5 exf5 34. a5 Rxg2 35. Qxg2 bxa5 36. Qg1 Rc8 37. Nd4 Qb6 38. Nxf5 Qxg1 39. Rxg1 Rh8 40. Nd6 Rf8 41. f4 Be7 42. N6c4 a4 43. Ne5 Ka8 44. Rg3 Bh4 45. Rh3 Be1 46. Kc1 Rd8 47. Nxf7 Rb8 48. Rh8 Rxh8 49. Nxh8 Kb8 50. Ng6 Bb7 51. Ne5 Bg3 52. Nxd3 Ba6 53. c4 Bc8 54. Ne4 Bh4 55. Kd2 Be7 56. Nec5 Bf5 57. Nxa4 Bd6 58. Nac5 Kc7 59. Ke3 a5 60. Ne4 Bf8 61. Nc3 Bg7 62. Ne5 Bf8 63. Kd4 Bh7 64. Nd5+ Kb7 65. c5 Bf5 66. c6+ Kc8 67. Nc4 Bg7+ 68. Kc5 Bf8+ 69. Nd6+ Kd8 70. c7+ 1-0

[Event "Paracin Summer op-A 12th"]
[Site "Paracin"]
[Date "2019.07.06"]
[Round "2"]
[White "Nestorovic, Dejan"]
[Black "Nakahara, Kan"]
[Result "1-0"]
[WhiteElo "2341"]
[BlackElo "1958"]
[PlyCount "83"]
[EventDate "2019.07.05"]
[EventType "swiss"]
[EventRounds "9"]
[EventCountry "SRB"]
[SourceTitle "EXT 2020"]
[Source "ChessBase"]
[SourceDate "2019.10.17"]
[SourceVersion "1"]
[SourceVersionDate "2019.10.17"]
[SourceQuality "1"]

1. Nf3 Nf6 2. c4 e6 3. d4 Bb4+ 4. Nbd2 0-0 5. a3 Be7 6. e3 d5 7. b3 dxc4 8. bxc4 c5 9. Bd3 b6 10. 0-0 Bb7 11. Bb2 cxd4 12. exd4 Qc7 13. Qe2 Nc6 14. Rad1 Rad8 15. Rfe1 Qf4 16. Qe3 Qg4 17. h3 Qh5 18. Bf1 Rfe8 19. g3 Bd6 20. Bg2 Ne7 21. Qb3 Ng6 22. a4 Ba8 23. Qb5 Rc8 24. Ra1 Bc6 25. Qb3 Rb8 26. Bc3 Ne7 27. Qb2 Qh6 28. Bb4 Bxb4 29. Qxb4 Bxf3 30. Nxf3 Nc6 31. Qb5 Rec8 32. d5 exd5 33. cxd5 a6 34. Qb3 Na5 35. Qd3 Rd8 36. Nd4 Qh5 37. Nf5 Nc6 38. Qxa6 Nxd5 39. g4 Qg5 40. Bxd5 Rxd5 41. Qxb6 Rbd8 42. Qxc6 1-0

[Event "Paracin Summer op-A 12th"]
[Site "Paracin"]
[Date "2019.07.06"]
[Round "3"]
[White "Radosavljevic, Slobodan D"]
[Black "Nakahara, Kan"]
[Result "0-1"]
[WhiteElo "2246"]
[BlackElo "1958"]
[PlyCount "74"]
[EventDate "2019.07.05"]
[EventType "swiss"]
[EventRounds "9"]
[EventCountry "SRB"]
[SourceTitle "EXT 2020"]
[Source "ChessBase"]
[SourceDate "2019.10.17"]
[SourceVersion "1"]
[SourceVersionDate "2019.10.17"]
[SourceQuality "1"]

1. g3 Nf6 2. Bg2 d5 3. Nf3 Bf5 4. d3 e6 5. 0-0 Bc5 6. c4 c6 7. Qb3 Qb6 8. Nc3 Nbd7 9. Nh4 dxc4 10. Qxc4 Be7 11. Nxf5 exf5 12. d4 Qb4 13. Qd3 Rd8 14. d5 Nb6 15. a3 Qg4 16. Bf3 Qg6 17. a4 Nbxd5 18. Nxd5 Nxd5 19. Be3 a6 20. Qb3 Rd7 21. Bxd5 cxd5 22. Rfd1 Qe6 23. Rd2 0-0 24. Rad1 Rfd8 25. Bb6 Rc8 26. e3 Rc6 27. a5 Bc5 28. Rxd5 Rxd5 29. Rxd5 Bxb6 30. axb6 h6 31. Qd3 Qe4 32. Qxe4 fxe4 33. Rd8+ Kh7 34. Rd7 Rxb6 35. Rxf7 Rxb2 36. Re7 Rb4 37. Re5 b5 0-1

[Event "Tokyo City-ch"]
[Site "Tokyo"]
[Date "2019.03.24"]
[Round "5"]
[White "Yamada, Kohei"]
[Black "Nakahara, Kan"]
[Result "1-0"]
[WhiteElo "2263"]
[BlackElo "2058"]
[PlyCount "73"]
[EventDate "2019.03.23"]
[EventType "swiss"]
[EventRounds "6"]
[EventCountry "JPN"]
[SourceTitle "CBM 190 Extra"]
[Source "ChessBase"]
[SourceDate "2019.07.15"]
[SourceVersion "1"]
[SourceVersionDate "2019.07.15"]
[SourceQuality "1"]

1. e4 e6 2. d4 d5 3. Nc3 Nf6 4. Bg5 Bb4 5. e5 h6 6. Bh4 g5 7. Bg3 Ne4 8. Nge2 c5 9. a3 Bxc3+ 10. Nxc3 Nxc3 11. bxc3 Qa5 12. Qd2 Nc6 13. dxc5 Qxc5 14. f4 Bd7 15. Bd3 0-0-0 16. Bf2 Qa5 17. Be3 Qc7 18. 0-0 g4 19. a4 Qa5 20. Rfb1 d4 21. cxd4 Qxd2 22. Bxd2 Nxd4 23. Be3 Nc6 24. a5 a6 25. Be4 f5 26. exf6 Rhf8 27. Rb2 Be8 28. Rab1 Rf7 29. Bc5 Nxa5 30. Bb6 Nc4 31. Bxd8 Nxb2 32. Be7 Nc4 33. Bxb7+ Kc7 34. Bxa6 Nb6 35. f5 exf5 36. Rd1 Nc8 37. Bxc8 1-0

[Event "Wch U14"]
[Site "Porto Carras"]
[Date "2018.10.21"]
[Round "2"]
[White "Nakahara, Kan"]
[Black "Popov, Konstantin"]
[Result "0-1"]
[WhiteElo "1850"]
[BlackElo "2304"]
[PlyCount "80"]
[EventDate "2018.10.20"]
[EventType "swiss"]
[EventRounds "11"]
[EventCountry "GRE"]
[SourceTitle "CBM 187 Extra"]
[Source "ChessBase"]
[SourceDate "2018.11.04"]
[SourceVersion "1"]
[SourceVersionDate "2018.11.04"]
[SourceQuality "1"]

1. e4 c5 2. Nf3 d6 3. d4 Nf6 4. dxc5 Nxe4 5. cxd6 Nc6 6. Be2 Nxd6 7. 0-0 g6 8. c3 Bg7 9. Bf4 0-0 10. Bxd6 exd6 11. Nbd2 Be6 12. Nb3 Qb6 13. Nfd2 d5 14. Nf3 Rfd8 15. Nfd4 Nxd4 16. cxd4 a5 17. Qd2 Rac8 18. Rac1 Qb4 19. Qxb4 axb4 20. Bd3 b6 21. a4 bxa3 22. bxa3 Bh6 23. Rb1 Rc3 24. Bb5 Bf8 25. Nd2 Bxa3 26. Ba6 Rb8 27. Rb5 Bd6 28. Rfb1 Bc7 29. R5b4 Ra8 30. Bf1 Ra2 31. Nf3 Rcc2 32. Ng5 Rxf2 33. Nxe6 fxe6 34. R4b3 Rac2 35. Re1 Kf7 36. Rbe3 Rf6 37. Bd3 Rd2 38. Rc1 Bf4 39. Rh3 Rxd3 40. Rxh7+ Kg8 0-1

[Event "East Asia-ch U14 3rd"]
[Site "Shanghai"]
[Date "2018.08.06"]
[Round "7.2"]
[White "Nakahara, Kan"]
[Black "Wang, Tiansheng"]
[Result "1-0"]
[WhiteElo "1763"]
[BlackElo "1676"]
[PlyCount "99"]
[EventDate "2018.08.02"]
[EventType "swiss"]
[EventRounds "9"]
[EventCountry "CHN"]
[SourceTitle "EXT 2022"]
[Source "ChessBase"]
[SourceDate "2021.10.06"]
[SourceVersion "1"]
[SourceVersionDate "2021.10.06"]
[SourceQuality "1"]

1. e4 c5 2. Nf3 d6 3. d4 cxd4 4. Nxd4 Nf6 5. f3 e5 6. Nb3 d5 7. Bg5 Be6 8. Bxf6 gxf6 9. exd5 Qxd5 10. Qxd5 Bxd5 11. Nc3 Be6 12. 0-0-0 Nd7 13. Kb1 Bh6 14. Nb5 Kf8 15. Nc7 Rd8 16. Nxe6+ fxe6 17. Nc5 Ke7 18. Nxb7 Rb8 19. Na5 Rhc8 20. Bd3 f5 21. g4 Bg7 22. Nb3 a5 23. a4 Nc5 24. Nxc5 Rxc5 25. Bb5 Rb7 26. Rd2 e4 27. fxe4 fxe4 28. Re2 Rbc7 29. c3 Rd5 30. Rxe4 Rd2 31. Re2 Rcd7 32. Rhe1 R7d6 33. Bc4 e5 34. Rxd2 Rxd2 35. Re2 Rxe2 36. Bxe2 e4 37. Kc2 Be5 38. Kb3 Bxh2 39. Kc4 Bf4 40. b4 axb4 41. cxb4 Kd6 42. Kb5 Kc7 43. Ka6 Bh6 44. b5 Bd2 45. b6+ Kc6 46. b7 Bf4 47. Ka7 Kc5 48. a5 Bc7 49. b8Q Bxb8+ 50. Kxb8 1-0

[Event "East Asia-ch U14 3rd"]
[Site "Shanghai"]
[Date "2018.08.05"]
[Round "5.1"]
[White "Gao, Linhao"]
[Black "Nakahara, Kan"]
[Result "1/2-1/2"]
[WhiteElo "1811"]
[BlackElo "1763"]
[PlyCount "44"]
[EventDate "2018.08.02"]
[EventType "swiss"]
[EventRounds "9"]
[EventCountry "CHN"]
[SourceTitle "EXT 2022"]
[Source "ChessBase"]
[SourceDate "2021.10.06"]
[SourceVersion "1"]
[SourceVersionDate "2021.10.06"]
[SourceQuality "1"]

1. e4 e6 2. d4 d5 3. Nc3 Nf6 4. Bg5 Bb4 5. e5 h6 6. exf6 hxg5 7. fxg7 Rg8 8. a3 Bxc3+ 9. bxc3 Qf6 10. Nf3 Qxg7 11. Be2 b6 12. Ne5 Bb7 13. Bh5 Rf8 14. 0-0 Nc6 15. f4 gxf4 16. Nxf7 Rxf7 17. Rxf4 Nd8 18. Bxf7+ Nxf7 19. Qh5 Ke7 20. Raf1 Nh6 21. Qh4+ Kd7 22. Qh5 Ke7 1/2-1/2

[Event "Wch U12"]
[Site "Batumi"]
[Date "2016.10.30"]
[Round "11"]
[White "Tombolis, Christopher"]
[Black "Nakahara, Kan"]
[Result "1-0"]
[WhiteElo "1557"]
[BlackElo "1712"]
[PlyCount "59"]
[EventDate "2016.10.19"]
[EventType "swiss"]
[EventRounds "11"]
[EventCountry "GEO"]
[SourceTitle "EXT 2018"]
[Source "ChessBase"]
[SourceDate "2017.10.13"]
[SourceVersion "1"]
[SourceVersionDate "2017.10.13"]
[SourceQuality "1"]

1. d4 Nf6 2. c4 c5 3. d5 b5 4. cxb5 a6 5. bxa6 Bxa6 6. Nf3 d6 7. Nc3 g6 8. g3 Bg7 9. Bg2 Nbd7 10. Rb1 Nb6 11. b3 Bb7 12. e4 Nfd7 13. Qc2 Ba6 14. Bf1 Bxf1 15. Kxf1 0-0 16. a4 f5 17. Ng5 Qc8 18. Ne6 Rf7 19. Nxg7 Kxg7 20. Kg2 fxe4 21. Qxe4 Nf6 22. Qd3 Nfxd5 23. Nxd5 Qc6 24. Bb2+ Kg8 25. Rhd1 Raf8 26. Kg1 e6 27. Nf6+ Rxf6 28. Bxf6 Rxf6 29. Qxd6 Qf3 30. Qxc5 1-0

[Event "Wch U12"]
[Site "Batumi"]
[Date "2016.10.28"]
[Round "9"]
[White "Rodrigue Lemieux, Shawn"]
[Black "Nakahara, Kan"]
[Result "1-0"]
[WhiteElo "2072"]
[BlackElo "1712"]
[PlyCount "117"]
[EventDate "2016.10.19"]
[EventType "swiss"]
[EventRounds "11"]
[EventCountry "GEO"]
[SourceTitle "EXT 2018"]
[Source "ChessBase"]
[SourceDate "2017.10.13"]
[SourceVersion "1"]
[SourceVersionDate "2017.10.13"]
[SourceQuality "1"]

1. e4 e6 2. d4 d5 3. Nd2 c5 4. Ngf3 cxd4 5. Nxd4 Nf6 6. exd5 Qxd5 7. Nb5 Na6 8. Nc3 Qe5+ 9. Be2 Bb4 10. 0-0 0-0 11. Nc4 Qb8 12. Qd4 Bc5 13. Qh4 Bd7 14. Bg5 Nd5 15. Nxd5 exd5 16. Bd3 h6 17. Ne3 Nb4 18. Bf4 Qd8 19. Qg3 Nxd3 20. cxd3 Bc6 21. Bxh6 Qf6 22. Bf4 Rfe8 23. Rab1 a5 24. Ng4 Qg6 25. Ne5 Qxg3 26. Bxg3 Bb5 27. Rfd1 f6 28. Ng4 Bd4 29. Bf4 Re2 30. Be3 Bd7 31. Nh6+ Kh7 32. Bxd4 Kxh6 33. Rbc1 Bc6 34. Kf1 Re6 35. Be3+ Kg6 36. Bd4 Kf7 37. Rc5 Ke7 38. Re1 Rxe1+ 39. Kxe1 Kd6 40. Kd2 a4 41. a3 Rh8 42. h3 Rh4 43. Ke3 Rh5 44. Rc1 Rh8 45. Rh1 Ke6 46. h4 Kf5 47. Kf3 Re8 48. g4+ Kg6 49. h5+ Kh7 50. Rc1 Re6 51. Kg3 Re2 52. f4 Re6 53. Kf3 Re8 54. Kf2 Re6 55. Rg1 Re8 56. g5 Re7 57. Bc5 Rd7 58. Ke3 fxg5 59. Rxg5 1-0

[Event "Wch U12"]
[Site "Batumi"]
[Date "2016.10.24"]
[Round "6"]
[White "Nakahara, Kan"]
[Black "An, Jaehyeok"]
[Result "1-0"]
[WhiteElo "1712"]
[BlackElo "1496"]
[PlyCount "57"]
[EventDate "2016.10.19"]
[EventType "swiss"]
[EventRounds "11"]
[EventCountry "GEO"]
[SourceTitle "EXT 2018"]
[Source "ChessBase"]
[SourceDate "2017.10.13"]
[SourceVersion "1"]
[SourceVersionDate "2017.10.13"]
[SourceQuality "1"]

1. e4 e5 2. Nf3 Nc6 3. Nc3 Nf6 4. d4 exd4 5. Nxd4 Bb4 6. Nxc6 bxc6 7. Bd3 0-0 8. 0-0 d5 9. exd5 cxd5 10. Bg5 Be6 11. Qf3 Be7 12. h3 c5 13. Rad1 d4 14. Ne4 Bd5 15. Bxf6 Bxf6 16. Nxf6+ gxf6 17. Qh5 f5 18. Qxf5 Kg7 19. Qxh7+ Kf6 20. Rde1 Rg8 21. Qh6+ Rg6 22. Bxg6 fxg6 23. Qf4+ Kg7 24. Qe5+ Kh7 25. Qe7+ Kh8 26. Qxd8+ Rxd8 27. Re7 Bxa2 28. Ra1 Bg8 29. Raxa7 1-0

[Event "Wch U12"]
[Site "Batumi"]
[Date "2016.10.22"]
[Round "4"]
[White "Nakahara, Kan"]
[Black "Ayoub, Alexandre"]
[Result "1-0"]
[WhiteElo "1712"]
[BlackElo "1031"]
[PlyCount "51"]
[EventDate "2016.10.19"]
[EventType "swiss"]
[EventRounds "11"]
[EventCountry "GEO"]
[SourceTitle "EXT 2018"]
[Source "ChessBase"]
[SourceDate "2017.10.13"]
[SourceVersion "1"]
[SourceVersionDate "2017.10.13"]
[SourceQuality "1"]

1. e4 e5 2. Nf3 Nc6 3. Nc3 a6 4. Be2 Bc5 5. 0-0 Nf6 6. Nxe5 Nxe5 7. d4 Bd6 8. dxe5 Bxe5 9. Nd5 0-0 10. Nxf6+ Qxf6 11. c3 Qg6 12. g3 b6 13. Bf3 Bb7 14. Re1 Rfe8 15. Qxd7 Rad8 16. Qa4 Qf6 17. Bg2 Bd6 18. e5 Rxe5 19. Rxe5 Bxg2 20. Re8+ Bf8 21. Rxd8 Qxd8 22. Kxg2 Qd5+ 23. Kg1 b5 24. Qd4 Qf5 25. Bf4 h6 26. Rd1 1-0